|
|
|
|
| LEADER |
01023nam a22002537a 4500 |
| 001 |
AAL4618 |
| 003 |
BD-DhAAL |
| 005 |
20160224144353.0 |
| 008 |
160224s 2000bg a|||| |||| 00| 0 ben d |
| 020 |
|
|
|a 98481601232
|
| 040 |
|
|
|a BD-DhAAL
|c BD-DhAAL
|
| 082 |
|
|
|a 646.7/26
|
| 100 |
|
|
|a আশফাক, শজল
|9 18133
|
| 245 |
|
|
|a ত্বকের যত্ন ত্বকের অসুখ /
|c শজল আশফাক, সাইফুল কবীর
|
| 260 |
|
|
|a ঢাকা :
|b অন্যপ্রকাশ,
|c ২০০০
|
| 300 |
|
|
|a ১০৩ পৃ. :
|b চিত্র ;
|c ২২ সে.মি.
|
| 541 |
|
|
|e 4618
|
| 650 |
|
|
|a Skin
|x Care and hygiene.
|9 18134
|
| 650 |
|
|
|a Beauty, Personal.
|9 18135
|
| 700 |
|
|
|a কবীর, সাইফুল
|9 18136
|
| 852 |
|
|
|a Savar Campus Library
|c General Stacks
|
| 942 |
|
|
|2 ddc
|c BK
|
| 999 |
|
|
|c 36922
|d 36922
|
| 952 |
|
|
|0 0
|1 0
|2 ddc
|4 0
|6 646_700000000000000_26_ASR
|7 0
|9 58141
|a SCL
|b SCL
|c GEN
|d 2016-02-24
|g 70.00
|l 0
|o 646.726 ASR
|p 3020004618
|r 2016-02-24
|t 1
|w 2016-02-24
|y BK
|